1615 1921 1748 1359 1556 1123 1807 1223 1713 1100 1455 1918 1628 1604 1257 1702 1001 1292 1900 1966 1551 1877 1916 1422 1178 1701 1850 1659 1169 1392 1773 1298 1716 1524 1241 1071 1579 1149 1048 1123 1094 1861 1441 1422 1783 1037 1907 1330 1926 1238 1345 1959 1257 1418 1680 1533 1365 1719 1914 1417 1954 1251 1790 1483 1436 1883 1030 1704 1949 1594 1664 1402 1521 1836 1261 1130 1707 1075 1963 1213 1279 1178 1936 1598 1005 1512 1320 1699 1035 1276 1787 1511 1788 1991 1144 1148 1299 1735 1209 BCNSPRNW ULIB Ver.6.0+V

เปลี่ยนเป็นภาษาไทย

Change to English
 แสดงรายละเอียดบรรณานุกรม
  กลับหน้าหลัก

Brief Record : Get Marc (ISO 2709) : E-mail record : QR code < ปิดหน้าต่าง
LEADER : 00000nam 2200000uu 4500
001    13399122461
003     ULIB
008    020711s2552 th a 000 0 tha d
099    วจ.WA695^bก125ผ
100    กนกวรรณ ศิลปกรรมพิเศษ
245    ผลการเพิ่มสมรรถนะแห่งตนต่อพฤติกรรมการบริโภค พฤติกรรมการออกกำลังกายและค่าดัชนีมวลกายของผู้สูงอายุ/^cกนกวรรณ ศิลปกรรมพิเศษ และคณะ
260    ตรัง :^bวิทยาลัยพยาบาลบรมราชชนนีตรัง,^c2552
300    183 หน้า
650    ดัชนีมวลกายของผู้สูงอายุู^xวิจัย
700    วรรัตน์ สุขคุ้ม
700    วราณี สัมฤทธิ์
945    ^p0^l0^i029257
รายการนี้ยังไม่มีแท็ก
คุณยังไม่ได้ล็อกอิน คุณสามารถมีกิจกรรมร่วมกับเว็บไซต์ได้ แต่ต้องล็อกอินก่อน ::
  ล็อกอิน

รายการสื่อสารสนเทศ

ลำดับที่ ประเภท เลขเรียก/บาร์โค้ด สถานที่ สถานะ
1. งานวิจัย
งานวิจัย
วจ.WA695 ก125ผ ฉ.1 
  Barcode: 029257
ห้องสมุดวิทยาเขตสวรรค์ประชารักษ์
►วิจัย
บนชั้น

BibComment


ยังไม่เคยถูกคอมเมนท์

คอมเมนท์ทรัพยากรรายการนี้
  คอมเมนท์: ผลการเพิ่มสมรรถนะ..


 Copyright 2026. Bcnsprnw @Library